Biblioteca y Centro de Documentación

La responsabilidad social de las empresas y la seguridad y la salud en el trabajo (Registro nro. 19219)

Detalles MARC
000 -CABECERA
Longitud fija campo de control 01314nam a2200349 c 4500
001 - NÚMERO DE CONTROL
Número de control 19219
003 - IDENTIFICADOR DE NÚMERO DE CONTROL
Identificador del número de control ES-MaCES
005 - FECHA Y HORA DE LA ÚLTIMA TRANSACCIÓN
Fecha y hora de la última transacción 20150929135500.0
008 - CAMPO FIJO DE DESCRIPCIÓN FIJA--INFORMACIÓN GENERAL
Códigos de información de longitud fija   060814s2005 sp a t m000 | spa d
020 ## - ISBN (INTERNATIONAL STANDARD BOOK NUMBER)
Número Internacional Normalizado para Libros (ISBN) 9291911453
035 ## - NÚMERO DE CONTROL DEL SISTEMA
Número de control del sistema CES20060010876m
040 ## - FUENTE DE CATALOGACIÓN
Centro catalogador de origen ES-MaCES
Lengua de catalogación spa
Centro transcriptor ES-MaCES
245 03 - MENCIÓN DE TÍTULO
Título La responsabilidad social de las empresas y la seguridad y la salud en el trabajo
Mención de responsabilidad, etc. Agencia Europea para la Seguridad y la Salud en el trabajo
260 ## - PUBLICACIÓN, DISTRIBUCIÓN, ETC (PIE DE IMPRENTA)
Lugar de publicación, distribución, etc. Luxemburgo
Nombre del editor, distribuidor, etc. Oficina de Publicaciones Oficiales de las Comunidades Europeas
Fecha de publicación, distribución, etc. 2005
300 ## - DESCRIPCIÓN FÍSICA
Extensión 139 h.
Otras características físicas il. col.
Dimensiones 23 cm
490 1# - MENCIÓN DE SERIE
Mención de serie Estudio de investigación
541 ## - NOTA DE LA FUENTE INMEDIANTE DE ADQUISICIÓN
Forma de adquisición Compra
650 #4 - ASIENTO SECUNDARIO DE MATERIA--TÉRMINO DE MATERIA
Término de materia o nombre geográfico como elemento inicial responsabilidad del empleador
9 (RLIN) 30146
650 #4 - ASIENTO SECUNDARIO DE MATERIA--TÉRMINO DE MATERIA
Término de materia o nombre geográfico como elemento inicial responsabilidad social
9 (RLIN) 30590
650 #4 - ASIENTO SECUNDARIO DE MATERIA--TÉRMINO DE MATERIA
Término de materia o nombre geográfico como elemento inicial seguridad en el trabajo
9 (RLIN) 28348
650 #4 - ASIENTO SECUNDARIO DE MATERIA--TÉRMINO DE MATERIA
Término de materia o nombre geográfico como elemento inicial salud en el trabajo
9 (RLIN) 28347
650 #4 - ASIENTO SECUNDARIO DE MATERIA--TÉRMINO DE MATERIA
Término de materia o nombre geográfico como elemento inicial repertorio de recomendaciones prácticas
9 (RLIN) 29261
650 #4 - ASIENTO SECUNDARIO DE MATERIA--TÉRMINO DE MATERIA
Término de materia o nombre geográfico como elemento inicial estudio de casos
9 (RLIN) 28846
653 10 - TÉRMINO DE INDEXACIÓN--NO CONTROLADO
Término no controlado Empresa
650 #4 - ASIENTO SECUNDARIO DE MATERIA--TÉRMINO DE MATERIA
9 (RLIN) 28178
Término de materia o nombre geográfico como elemento inicial empresa
650 #4 - ASIENTO SECUNDARIO DE MATERIA--TÉRMINO DE MATERIA
9 (RLIN) 26752
Término de materia o nombre geográfico como elemento inicial UE
710 2# - ENCABEZAMIENTO SECUNDARIO--NOMBRE CORPORATIVO
Nombre de entidad o nombre de jurisdicción como elemento inicial Agencia Europea para la Seguridad y la Salud en el Trabajo
9 (RLIN) 1261
830 #0 - ENCABEZAMIENTO SECUNDARIO DE COLECCIÓN--TÍTULO UNIFORME
Título uniforme Estudio de investigación (Agencia Europea para la Seguridad y la Salud en el Trabajo)
9 (RLIN) 34231
902 ## - CES. TIPO DE DOCUMENTO
Tipodoc (006$c Sirtex) LIB Libro
942 ## - ELEMENTOS KOHA
Fuente de clasificaión o esquema Clasificación propia del CES
Koha [por defecto] tipo de item Monografías
Parte de clasificación 0.0.
Existencias
Número de registro Signatura completa Tipo de item de Koha
064454 SG-0.0.-589 Monografías
© CES, Consejo Económico y Social de España 2021